Fundamentos de compiladores : cómo traducir al lenguaje de computadora /
Contenido: Visión general de compiladores; Análisis lexicográfico; Introducción a las gramáticas y al análisis gramatical; Análisis sintáctico descendente; Análisis sintáctico ascendente; Manejo de errores; Análisis semántico; Tablas de símbolos; Introducción a la generación de código; Respuestas a...
Uloženo v:
| Hlavní autor: | |
|---|---|
| Médium: | Kniha |
| Jazyk: | španělština |
| Vydáno: |
México :
CECSA,
1998, c1996
|
| Témata: | |
| Tagy: |
Žádné tagy, Buďte první, kdo vytvoří štítek k tomuto záznamu!
|
MARC
| LEADER | 00000nam^a2200000^a^4500 | ||
|---|---|---|---|
| 001 | 000182773 | ||
| 005 | 20250521000000.0 | ||
| 009 | 20260310102017.523 | ||
| 020 | |a 968-26-1297-7 | ||
| 037 | |a Acervo ITESO - Biblioteca | ||
| 041 | |a ESP | ||
| 082 | |a 005. 453 |b LEM | ||
| 100 | |a Lemone, Karen A. |e (autor) | ||
| 245 | 1 | 0 | |a Fundamentos de compiladores : |b cómo traducir al lenguaje de computadora / |c K.A. Lemone ; tr. por Efrén Alatorre Miguel. |
| 264 | 4 | |a México : |b CECSA, |c 1998, c1996 | |
| 300 | |a XIV, 209 p. | ||
| 336 | |a texto |b txt |2 rdacontenido | ||
| 337 | |a sin mediación |b n |2 rdamedio | ||
| 338 | |a volumen |b nc |2 rdasoporte | ||
| 520 | |a Contenido: Visión general de compiladores; Análisis lexicográfico; Introducción a las gramáticas y al análisis gramatical; Análisis sintáctico descendente; Análisis sintáctico ascendente; Manejo de errores; Análisis semántico; Tablas de símbolos; Introducción a la generación de código; Respuestas a ejercicios seleccionados. | ||
| 649 | |a XX | ||
| 650 | |a Algoritmos | ||
| 650 | |a Sintaxis | ||
| 650 | |a Lenguaje Máquina | ||
| 650 | |a Compiladores (Software) | ||
| 650 | |a Lenguajes de Programación | ||
| 650 | |a Programación (Matemáticas) | ||
| 650 | |a Programación (Software) | ||
| 650 | |a Sistemas Computacionales | ||
| 650 | |a Matemáticas de Ingeniería | ||
| 650 | |a Ingeniería Computacional | ||
| 910 | |a Fondo General | ||
| 920 | |a Impresos - Libros | ||
| 930 | |a Colección General | ||
| 905 | |a 101 | ||
| 901 | |a 0500122680 |b IT1 |c ACC |u 20250521 | ||
| 902 | |a https://opac.biblio.iteso.mx/vufind/Record/000182773 | ||